Famous cycling sectors & climbs - Statistiken

Allgemein
  • Dieses Quiz wurde 40 mal gespielt
  • Das Durchschnittsergebnis liegt bei 9 aus 17
Antwortstatistiken
Hint Antwort % Korrekt
Alpe d'Huez Tour de France
97%
Passo dello Stelvio Giro d'Italia
91%
Carrefour de l'Arbre Paris - Roubaix
82%
Muur de Huy Flèche Wallonne
71%
Côte de la Redoute Liège - Bastogne - Lìege
71%
Cipressa Milano - Sanremo
68%
Alto de l'Angliru Vuelta a España
68%
Cauberg Amstel Gold Race
56%
Jebel Hafeet UAE Tour
56%
Gotthardpass Tour de Suisse
53%
Oude Kwaremont Tour of Flanders
53%
Madonna del Ghisallo Il Lombardia
50%
Willunga Hill Tour Down Under
47%
Feldberg Eschborn - Frankfurt
38%
Le Tolfe Strade Bianche
24%
Jaizkibel Donostia San Sebastian Klasikoa
9%
Challambra Cresent Cadel Evans Great Ocean Race
3%
Keine übereinstimmenden Quizze gefunden
Verteilung der Resultate
Anzahl Personen mit jedem Resultat
Perzentil nach korrekt beantworteten Fragen
Ihre Resultats-Entwicklung
Sie haben dieses Quiz noch nicht gespielt